El combate por la luz: la hazaña intelectual

Gardado en:
Detalles Bibliográficos
Autor Principal: Díaz-Plasa, Guillermo
Formato: Libro
Idioma:Undetermined
Publicado: Madrid, España Calpe 1981
Materias:
Etiquetas: Engadir etiqueta
Sen Etiquetas, Sexa o primeiro en etiquetar este rexistro!

MARC

LEADER 00000nam a2200000Ia 4500
008 170316s9999 xx 000 0 und d
090 |a 100 D-22c 
100 |a Díaz-Plasa, Guillermo 
245 |a El combate por la luz: la hazaña intelectual 
260 |a Madrid, España 
260 |b Calpe 
260 |c 1981 
300 |a 337 páginas 
650 |a FILOSOFÍA 
999 |c 16043  |d 16043 
040 |a cru BVZT 
942 |c 15 D  |h 100 D-22c  |2 z